connaisez vous vraiment desgod ? - Statistiques

Statistiques générales
  • Ce quiz a été pris 25 fois
  • Le résultat moyen est 9 sur 15
Statistiques - réponses
Question Réponse % Correct
quel est le nom du livre sacré dans le desmonisme le desbook
80%
desgod est il semblable aux humains quelles question desgod n'est pas comme tout le monde il est desgod
80%
quelle est la plus grande chose que desgod ait fait exister tout simplement
70%
qui est l'ennemi du desmonisme olivier tricoche
70%
quelles sont les noms de ses fidèles apôtres paul, valentino, balthazar, alessio, eloi
70%
quel est son plus fidèle apôtre valentino
70%
quel fut le tournant dans le desmonisme desgod c'est raser le crane
60%
quel est le nom de l’apôtre qui l'a trahi felix
60%
quand est né le grand desgod le 3 janvier 2008
60%
par quel évenement la réincarnation de desgod sur terre s'est faite un tremblement de terre dans une banque de sperme
60%
comment se faire pardonner par desgod lui offrir a manger
50%
parmi ces propositions laquelle n'est pas un péché dans le desmonisme utiliser son telephone
50%
sous quel autre nom desgod est il connu la boule de desboule
40%
en quoi s'est déguiser desgod lors de l’événement de la question précédente scooby doo
40%
quelle taille mesure le sexe de desgod 0,1 centimetres
30%
Aucun quiz correspondant
Distribution des résultats
% des personnes avec chaque résultat
Percentile par nombre de réponses
Votre historique - résultats
Vous n’avez pas pris ce quiz